Inovační prost[ř]edí jako motor regionálního rozvoje a regionální politické souvislosti

Bibliographic Details
Main Author: Ježek, Jiří, 1969- (Author)
Format: Article
Language:Czech
PhysicalDescription:Tab.
ISBN:8085668491
Subjects:

MARC

LEADER 00000nab a2200000 a 4500
001 vtls000679608
003 SK-MaSNL
005 20260302190153.0
008 160324c1997 xo 0 cze
015 |a SNBRB1998/11-32206 
035 |a CLN000031776 
040 |a SNKBUCL  |b slo  |c SNKBUCL  |e AACR2 
041 0 |a cze 
044 |a xo  |c SK 
080 |a 332.1:658.51.001.76  |2 1997 
080 |a 658.51.001.76  |2 1997 
100 1 |a Ježek, Jiří,  |d 1969-  |4 aut  |9 93666 
245 1 0 |a Inovační prost[ř]edí jako motor regionálního rozvoje a regionální politické souvislosti  |c Jiří Ježek 
300 |b Tab. 
504 |a Bibliogr. odkazy 
650 0 7 |a regionálny rozvoj  |x inovácie  |2 snkbucl  |9 15626 
650 0 7 |a inovácie  |2 snkbucl  |9 2291 
655 7 |a články zo zborníkov  |2 snkbucl  |9 166140 
773 0 |w SK01SNK19970257073  |z 8085668491  |t Ekonomika podnikov a regiónov - 1997. 2. diel  |d Prešov : MANACON, 1997  |g S. 408-411 
850 |a Slovenská národná knižnica v Martine 
852 |a SNK  |b KIS3GCP 
958 |a CZ 
958 |a NB 
999 |c 1432321  |d 1434251